Ciencias Naturales, Química 2º año medio: texto para el estudiante
Uloženo v:
| Hlavní autoři: | , , , |
|---|---|
| Korporativní autor: | |
| Médium: | Kniha |
| Jazyk: | španělština |
| Vydáno: |
Santiago
McGraw-Hill
2003
|
| Vydání: | 1a. ed |
| Témata: | |
| Tagy: |
Přidat tag
Žádné tagy, Buďte první, kdo vytvoří štítek k tomuto záznamu!
|
MARC
| LEADER | 00000cam a2200000 a 4500 | ||
|---|---|---|---|
| 001 | UCE6907 | ||
| 003 | CL-VaPUC | ||
| 008 | 150514e20030000cl |||||||||||||||||spa|d | ||
| 020 | |a 9562781399 | ||
| 082 | 0 | 4 | |a 540.712 |b CON |2 21 |
| 100 | 0 | |a Contreras Slotosch, Martín |e author |9 579580 | |
| 700 | 0 | |a Rojas Rosales, Mónica |e author |9 579581 | |
| 700 | 0 | |a Letelier Domínguez, Ricardo |e author |9 579582 | |
| 700 | 0 | |a Marttens Osorio, Hernán von |e author |9 579583 | |
| 110 | 2 | |a Ministerio de Educación |e author |9 579584 | |
| 245 | 1 | 0 | |a Ciencias Naturales, Química 2º año medio: texto para el estudiante |
| 250 | |a 1a. ed | ||
| 300 | |a 176 p | ||
| 942 | |c BK | ||
| 945 | |d 20150514 13:01:00 |a arojas | ||
| 260 | |a Santiago |b McGraw-Hill |c 2003 | ||
| 650 | 0 | |a Enseñanza de la química |9 339845 | |
| 650 | 0 | |a Ciencias naturales |9 260542 | |
| 650 | 0 | |a Métodos de enseñanza |9 270413 | |
| 650 | 0 | |a Química |9 259896 | |
| 650 | 0 | |a Libros de texto |9 270019 | |
| 583 | |a last modification |c 20150522 10:43:08 |k Rodrigo Vera | ||
| 999 | |c 359078 |d 359076 | ||
| 952 | |0 0 |1 0 |3 erb |4 0 |6 540_712000000000000_CON_2003 |7 0 |8 A |9 468099 |a BIBEDU |b BIBEDU |i 5148987 |o 540.712 CON 2003 |p 5148987 |r 2019-11-23 |w 2019-11-23 |y BK |z Catalogado en:20150514 |k EPE | ||
| 952 | |0 0 |1 0 |3 erb |4 0 |6 540_712000000000000_CON_2003 |7 0 |8 A |9 468100 |a BIBEDU |b BIBEDU |i 5148995 |o 540.712 CON 2003 |p 5148995 |r 2019-11-23 |w 2019-11-23 |y BK |z Catalogado en:20150514 |k EDU | ||